Human resource management / (Record no. 177666)
[ view plain ]
| 000 -LEADER | |
|---|---|
| fixed length control field | 01464cam a2200337 i 4500 |
| 001 - CONTROL NUMBER | |
| control field | vtls003255879 |
| 003 - CONTROL NUMBER IDENTIFIER | |
| control field | MY-SjTCS |
| 005 - DATE AND TIME OF LATEST TRANSACTION | |
| control field | 20200226121146.0 |
| 008 - FIXED-LENGTH DATA ELEMENTS--GENERAL INFORMATION | |
| fixed length control field | 140529s2014 enka b 001 0 eng d |
| 020 ## - INTERNATIONAL STANDARD BOOK NUMBER | |
| International Standard Book Number | 9780273787006 (paperback) |
| 020 ## - INTERNATIONAL STANDARD BOOK NUMBER | |
| International Standard Book Number | 0273787004 (paperback) |
| 039 #9 - LEVEL OF BIBLIOGRAPHIC CONTROL AND CODING DETAIL [OBSOLETE] | |
| Level of rules in bibliographic description | 201809071411 |
| Level of effort used to assign nonsubject heading access points | VLOAD |
| Level of effort used to assign subject headings | 201406101009 |
| Level of effort used to assign classification | shuhada |
| Level of effort used to assign subject headings | 201406101007 |
| Level of effort used to assign classification | shuhada |
| -- | 201405290937 |
| -- | malathy |
| 082 04 - DEWEY DECIMAL CLASSIFICATION NUMBER | |
| Classification number | 658.3 |
| Item number | MON 2014 |
| 100 1# - MAIN ENTRY--PERSONAL NAME | |
| Personal name | Mondy, R. Wayne, |
| Dates associated with a name | 1940- |
| Relator term | author. |
| 9 (RLIN) | 19008 |
| 245 10 - TITLE STATEMENT | |
| Title | Human resource management / |
| Statement of responsibility, etc. | R. Wayne Mondy, SPHR in collaboration with Judy Bandy Mondy ; editor in chief: Stephanie Wall. |
| 250 ## - EDITION STATEMENT | |
| Edition statement | Thirteenth edition. |
| 250 ## - EDITION STATEMENT | |
| Edition statement | Global edition. |
| 264 #1 - PRODUCTION, PUBLICATION, DISTRIBUTION, MANUFACTURE, AND COPYRIGHT NOTICE | |
| Place of production, publication, distribution, manufacture | Harlow, Essex : |
| Name of producer, publisher, distributor, manufacturer | Pearson Education Limited, |
| Date of production, publication, distribution, manufacture, or copyright notice | [2014] |
| 264 #4 - PRODUCTION, PUBLICATION, DISTRIBUTION, MANUFACTURE, AND COPYRIGHT NOTICE | |
| Date of production, publication, distribution, manufacture, or copyright notice | ©2014 |
| 300 ## - PHYSICAL DESCRIPTION | |
| Extent | 428 pages : |
| Other physical details | color illustrations ; |
| Dimensions | 28 cm |
| 336 ## - CONTENT TYPE | |
| Content type term | text |
| Source | rdacontent |
| 337 ## - MEDIA TYPE | |
| Media type term | unmediated |
| Source | rdamedia |
| 338 ## - CARRIER TYPE | |
| Carrier type term | volume |
| Source | rdacarrier |
| 500 ## - GENERAL NOTE | |
| General note | "Authorised adaptation from the United States edition, entitled Human resource management, 13th edition, ISBN 978-0-13-304354-9 by R. Wayne Mondy, published by Pearson Education,©2014--Title page verso. |
| 504 ## - BIBLIOGRAPHY, ETC. NOTE | |
| Bibliography, etc. note | Includes bibliographical references and indexes. |
| 650 #0 - SUBJECT ADDED ENTRY--TOPICAL TERM | |
| Topical term or geographic name entry element | Personnel management. |
| 700 1# - ADDED ENTRY--PERSONAL NAME | |
| Personal name | Mondy, Judy Bandy, |
| Relator term | author. |
| 9 (RLIN) | 19009 |
| 700 1# - ADDED ENTRY--PERSONAL NAME | |
| Personal name | Wall, Stephanie, |
| Relator term | editor. |
| 9 (RLIN) | 70768 |
| 700 1# - ADDED ENTRY--PERSONAL NAME | |
| Personal name | Mondy, R. Wayne, |
| Dates associated with a name | 1940- |
| Title of a work | Human resource management. |
| Version | 13th edition. |
| 9 (RLIN) | 97366 |
| 920 ## - Programme | |
| Programme | UWE : 211338 |
| Withdrawn status | Lost status | Source of classification or shelving scheme | Damaged status | Not for loan | Home library | Current library | Date acquired | Cost, normal purchase price | Total Checkouts | Barcode | Date last seen | Date last checked out | Copy number | Uniform Resource Identifier | Cost, replacement price | Koha item type | Public note |
|---|---|---|---|---|---|---|---|---|---|---|---|---|---|---|---|---|---|
| Dewey Decimal Classification | Taylor's Library-TU | Taylor's Library-TU | 09/06/2014 | 72.80 | 15 | 5000152837 | 12/12/2019 | 10/12/2018 | 1 | Floor 4, Shelf 25 , Side 1, TierNo 1, BayNo 1 | 72.80 | Main Collection | TBSxx,34005,03,RA|TBSxx,34006,03,RM |